Memorandum and articles of association and bye-laws: amendment list no. 5 (incorporating amendment lists 1, 2, 3 and 4) (Record no. 99121)

MARC details
000 -LEADER
fixed length control field 00514cam a2200181 4500
001 - CONTROL NUMBER
control field D5912
008 - FIXED-LENGTH DATA ELEMENTS--GENERAL INFORMATION
fixed length control field 090401t1980 xxu||||| |||| 00| 0 eng d
035 ## - SYSTEM CONTROL NUMBER
System control number (Sirsi) u98219
041 ## - LANGUAGE CODE
Language code of text/sound track or separate title eng
050 ## - LIBRARY OF CONGRESS CALL NUMBER
Classification number 692.5062
110 ## - MAIN ENTRY--CORPORATE NAME
Corporate name or jurisdiction name as entry element Institute of Quantity Surveyors
9 (RLIN) 2491
245 ## - TITLE STATEMENT
Title Memorandum and articles of association and bye-laws: amendment list no. 5 (incorporating amendment lists 1, 2, 3 and 4)
260 ## - PUBLICATION, DISTRIBUTION, ETC.
Place of publication, distribution, etc. London
Name of publisher, distributor, etc. IQS
Date of publication, distribution, etc. 1980
300 ## - PHYSICAL DESCRIPTION
Extent 8p. 21cm
350 ## - PRICE (NR) (BK AM CF MU VM SE) [OBSOLETE]
Price 0
942 ## - ADDED ENTRY ELEMENTS (KOHA)
Suppress in OPAC 0
948 ## - LOCAL PROCESSING INFORMATION (OCLC); SERIES PART DESIGNATOR (RLIN)
c (OCLC) 04/03/1997
Holdings
Withdrawn status Lost status Source of classification or shelving scheme Damaged status Not for loan Home library Current library Shelving location Date acquired Total Checkouts Full call number Barcode Date last seen Copy number Price effective from Koha item type
    Other/Generic Classification Scheme     London London Basement 28/02/2003   BASEMENT 30076175 06/08/2019 1 06/08/2019 Book